000 00620nam a2200193 a 4500
001 000038484
005 20240530073921.0
008 130412s2012 dr a 000 f spa d
040 _aDO-SdBNP
_bspa
_cBNPHU
082 _aRD863.44
_bW373a
100 1 _aWeber Alvarez, Andrés
_964831
245 1 3 _aEl acróbata :
_ben la oscuridad del espejo /
_cAndrés Weber Alvarez.
260 _aSanto Domingo :
_bIdeograph,
_c2012.
300 _a116 p. :
_bils. ;
_c20 cm.
590 _aInventariado, 2020/VM
650 0 _aNovela dominicana
_9223
650 0 _aLiteratura dominicana.
_967
910 _aValidado. Control de calidad MFF
999 _c37974
_d37974